Top Essays For I.A.S.& Allied Cadre Exams. (Record no. 363111)

MARC details
000 -LEADER
fixed length control field 003300000a22001450004500
005 - DATE AND TIME OF LATEST TRANSACTION
control field 20120302064813.0
040 ## - CATALOGING SOURCE
Original cataloging agency eng
100 ## - MAIN ENTRY--PERSONAL NAME
Personal name Bhatnagar, K.C.
245 ## - TITLE STATEMENT
Title Top Essays For I.A.S.& Allied Cadre Exams.
260 ## - PUBLICATION, DISTRIBUTION, ETC. (IMPRINT)
Place of publication, distribution, etc Ambala: Khanna Brothers,
300 ## - PHYSICAL DESCRIPTION
Extent 312 p.
365 ## - TRADE PRICE
Price amount Rs.5/-
650 ## - SUBJECT ADDED ENTRY--TOPICAL TERM
Topical term or geographic name as entry element Essays
942 ## - ADDED ENTRY ELEMENTS (KOHA)
Koha item type Book
Holdings
Withdrawn status Lost status Damaged status Not for loan Home library Current library Date acquired Total Checkouts Barcode Date last seen Price effective from
        Institute For Oriental Study, Thane Institute For Oriental Study, Thane 12/02/2009   IOS-E 24166 12/02/2009 12/02/2009